000 00980nmc a2200325 a 4500
003 AR-BaBNM
005 20251128210517.0
008 220020s1997 ||||||||||||||000 | spa||
020 _a84-7628-199-4
040 _cAR-BaBNM
100 1 _aCastro, Constancio de
245 1 0 _aLa geografía en la vida cotidiana
_bde los mapas cognitivos al prejuicio regional
260 _aBarcelona
_bEdiciones del Serbal
_c1997
300 0 _a248 p.
_bgráfs., tablas, mapas, il.
490 0 _aLa estrella polar
500 0 _aCada capítulo contiene ejercicios de recapitulación
504 _aContiene referencias bibliografícas
650 4 _aCOGNICION
650 4 _aPROCESO COGNOSCITIVO
650 4 _aGEOGRAFIA HUMANA
650 4 _aPLANIFICACION URBANA
650 4 _aVIVIENDA
650 4 _aURBANISMO
650 4 _aSOCIOLOGIA URBANA
650 4 _aMEDIO URBANO
653 0 _aPSICOLOGIA COGNITIVA
800 1 _aCapel, Horacio
_edirector
942 _cBK
998 _cMariana
999 _c15744
_d15744